RECONCEPTUALIZING DEVELOPMENT IN THE GLO (Record no. 28365)

MARC details
000 -LEADER
fixed length control field 00353nam a2200133Ia 4500
008 - FIXED-LENGTH DATA ELEMENTS--GENERAL INFORMATION
fixed length control field 240624s9999 xx 000 0 und d
041 ## - LANGUAGE CODE
Language code of text/sound track or separate title eng
082 ## - DEWEY DECIMAL CLASSIFICATION NUMBER
Classification number 303.4833 CAS
100 ## - MAIN ENTRY--PERSONAL NAME
Personal name CASTELLS MANUEL
245 ## - TITLE STATEMENT
Title RECONCEPTUALIZING DEVELOPMENT IN THE GLO
260 ## - PUBLICATION, DISTRIBUTION, ETC.
Date of publication, distribution, etc. 2014
Place of publication, distribution, etc. New Delhi
Name of publisher, distributor, etc. Oxford
300 ## - PHYSICAL DESCRIPTION
Extent xix, : 360 : p. : cm. ; 23
365 ## - TRADE PRICE
Currency code BPS
Price amount 38
Holdings
Withdrawn status Lost status Damaged status Not for loan Home library Current library Shelving location Date acquired Source of acquisition Cost, normal purchase price Full call number Barcode Date last seen Copy number Price effective from Koha item type
        IMTN IMTN Rack 6-B 12/20/2016 BKI 25.00 303.4833 CAS 28365 06/24/2024 88.9 06/24/2024 Books
Designed & Maintained by: LRC IMT Nagpur Contact: lrc@imtnag.ac.in© 2024. All Rights Reserved.